| 000 -LEADER |
| fixed length control field |
00754cam a22002414a 4500 |
| 020 ## - INTERNATIONAL STANDARD BOOK NUMBER |
| ISBN |
9781597180702 (pbk.) |
| 020 ## - INTERNATIONAL STANDARD BOOK NUMBER |
| ISBN |
159718070X (pbk.) |
| 040 ## - CATALOGING SOURCE |
| Transcribing agency |
STF |
| 082 00 - DEWEY DECIMAL CLASSIFICATION NUMBER |
| Classification number |
005 STA 2009 A005 Or. |
| 245 00 - TITLE STATEMENT |
| Title |
Stata multiple-imputation reference manual : |
| Remainder of title |
release 11. |
| 246 14 - VARYING FORM OF TITLE |
| Title proper/short title |
Stata : release 11 : multiple imputation |
| 246 18 - VARYING FORM OF TITLE |
| Title proper/short title |
Stata 11 : multiple imputation |
| 260 ## - PUBLICATION, DISTRIBUTION, ETC. (IMPRINT) |
| Place of publication |
College Station, Tex. : |
| Name of publisher |
Stata Press, |
| Year of publication |
c2009. |
| 300 ## - PHYSICAL DESCRIPTION |
| Number of Pages |
iii, 270 p. : |
| Other physical details |
ill. ; |
| Dimensions |
24 cm. |
| 500 ## - GENERAL NOTE |
| General note |
"A Stata Press publication." |
| 500 ## - GENERAL NOTE |
| General note |
Includes index. |
| 650 #0 - SUBJECT ADDED ENTRY--TOPICAL TERM |
| Topical Term |
Social sciences |
| 650 #0 - SUBJECT ADDED ENTRY--TOPICAL TERM |
| Topical Term |
Statistics |
| 650 #0 - SUBJECT ADDED ENTRY--TOPICAL TERM |
| Topical Term |
Multiple imputation (Statistics) |
| 650 #0 - SUBJECT ADDED ENTRY--TOPICAL TERM |
| Topical Term |
Missing observations (Statistics) |
| 710 2# - ADDED ENTRY--CORPORATE NAME |
| Corporate name or jurisdiction name as entry element |
StataCorp LP. |
| 942 ## - ADDED ENTRY ELEMENTS (KOHA) |
| Koha item type |
សៀវភៅភាសាអង់គ្លេស |
| 952 ## - LOCATION AND ITEM INFORMATION (KOHA) |
| Withdrawn status [LOCAL, KOHA] |
0 |